লোডিং...

Criminal minor acts and criminal provisions of civil acts. Volume 5

গ্রন্থ-পঞ্জীর বিবরন
প্রধান লেখক: Sethi, R B
বিন্যাস: Printed Book
ভাষা:English
প্রকাশিত: Allahabad Law Publishers 1969
বিষয়গুলি:
LEADER 00523nam a22001457a 4500
003 OSt
008 090502t xxu||||| |||| 00| 0 eng d
080 |a 343(540)(094.5)  |b SET 
100 |a Sethi, R B  |9 2599 
245 |a Criminal minor acts and criminal provisions of civil acts. Volume 5 
260 |a Allahabad  |b Law Publishers  |c 1969 
653 |a Criminal minor act 
942 |c REF  |6 _ 
999 |c 186817  |d 186817 
952 |0 0  |1 0  |4 0  |6 3435400945_SET5  |7 0  |9 240697  |a SLS  |b SLS  |d 2009-05-02  |o 343(540)(094.5) SET.5  |p SLS005372  |r 2009-05-02  |w 2009-05-02  |y REF